|
|
|
|
| LEADER |
01940nam a2200457 a 4500 |
| 001 |
EBC1679378 |
| 003 |
MiAaPQ |
| 005 |
20200520144314.0 |
| 006 |
m o d | |
| 007 |
cr cn||||||||| |
| 008 |
100426s2010 njua sbs 001 0 eng d |
| 010 |
|
|
|z 2010278755
|
| 020 |
|
|
|z 9789812838605
|
| 020 |
|
|
|z 9812838600
|
| 020 |
|
|
|a 9789812838612 (electronic bk.)
|
| 035 |
|
|
|a (MiAaPQ)EBC1679378
|
| 035 |
|
|
|a (Au-PeEL)EBL1679378
|
| 035 |
|
|
|a (CaPaEBR)ebr10422257
|
| 035 |
|
|
|a (CaONFJC)MIL275762
|
| 035 |
|
|
|a (OCoLC)670429680
|
| 040 |
|
|
|a MiAaPQ
|c MiAaPQ
|d MiAaPQ
|
| 043 |
|
|
|a a-ja---
|a a-kr---
|
| 050 |
|
4 |
|a HD58.87
|b .B87 2010
|
| 245 |
0 |
0 |
|a Business process management of Japanese and Korean companies
|h [electronic resource] /
|c editors, Gunyung Lee ... [et al.].
|
| 260 |
|
|
|a Hackensack, N.J. :
|b World Scientific,
|c c2010.
|
| 300 |
|
|
|a xvii, 169 p. :
|b ill.
|
| 490 |
1 |
|
|a Monden Institute of Management : Japanese management and international studies,
|x 1793-2874 ;
|v v. 5
|
| 504 |
|
|
|a Includes bibliographical references and index.
|
| 505 |
0 |
|
|a pt. 1. Theory and framework of BPM -- pt. 2. Case studies of BPM in Japanese and Korean companies -- pt. 3. Empirical studies of BPM in Japanese and Korean companies.
|
| 533 |
|
|
|a Electronic reproduction. Ann Arbor, MI : ProQuest, 2015. Available via World Wide Web. Access may be limited to ProQuest affiliated libraries.
|
| 650 |
|
0 |
|a Reengineering (Management)
|z Japan.
|
| 650 |
|
0 |
|a Reengineering (Management)
|z Korea.
|
| 650 |
|
0 |
|a Workflow
|z Japan
|x Management.
|
| 650 |
|
0 |
|a Workflow
|z Korea
|x Management.
|
| 650 |
|
0 |
|a Business planning
|z Japan.
|
| 650 |
|
0 |
|a Business planning
|z Korea.
|
| 655 |
|
4 |
|a Electronic books.
|
| 700 |
1 |
|
|a Lee, Gunyung.
|
| 710 |
2 |
|
|a ProQuest (Firm)
|
| 830 |
|
0 |
|a Monden Institute of Management and Accounting (Series) ;
|v v. 5.
|
| 856 |
4 |
0 |
|u https://ebookcentral.proquest.com/lib/matrademy/detail.action?docID=1679378
|z Click to View
|